Statistics for 20 Countries on a Topological Map #2

Click here to take the quiz!

General Stats

  • This quiz has been taken 839 times
  • The average score is 18 of 20

Answers on the Map

Answers color-coded by a green-red scale on the quiz's map according to % correct below.
Loading ...
 

Answer Stats

Country% Correct
United States
100%
Paraguay
97%
Spain
96%
Ecuador
96%
Egypt
95%
Lesotho
93%
Iran
91%
Mali
91%
Rwanda
90%
Liechtenstein
90%
Oman
88%
Denmark
88%
Georgia
86%
Latvia
85%
Qatar
85%
Moldova
83%
Cambodia
80%
Tajikistan
79%
Gambia
76%
Bangladesh
74%

Score Distribution

Percentile by Number Answered

Percent of People with Each Score

Your Score History

You have not taken this quiz